000 01200nam a22002297a 4500
999 _c62367
_d62367
003 Ge_BSU
005 20241017100528.0
008 241017s1999 ge ||||| |||| 00| 0 geo d
041 _ageo
080 _a616.31(075.8) მ-12
100 _aმაგიდი, ე.
_923408
245 _aთერაპიული სტომატოლოგიის ფანტომური კურსი /
_cე. მაგიდი, ნ. მუხინი; რედ. გოჩა თევდორაძე; მთარგმნ. ი. კუდრიავცევა, გ. თევდორაძე.
264 _aქუთაისი :
_bმოწამეთა,
_c1999.
300 _a288 გვ.:
_bილ.;
_c20 სმ.
653 _aმედიცინა
653 _aსტომატოლოგია
700 _aმუხინი, ნ.
_eავტორი
_923409
700 _aთევდორაძე, გოჩა
_eრედაქტორი
_923410
700 _aკუდრიავცევა, .ი.
_eმთარგმნელი
_923411
700 _aთევდორაძე, გ.
_e მთარგმნელი
_923412
942 _2udc
_cᲬᲘᲒᲜᲘ